[Event "41st TCh-GRE"]
[Site "Rio (Achaia) GRE"]
[Date "2013.07.02"]
[Round "1.4"]
[White "Kordis,K"]
[Black "Kalaitzoglou,P"]
[Result "1/2-1/2"]
[WhiteElo "2187"]
[BlackElo "2144"]

1.e4 e5 2.Nf3 Nc6 3.Bb5 a6 4.Ba4 Nf6 5.O-O b5 6.Bb3 Bb7 7.c3 Nxe4 8.d4 Na5
9.Nxe5 Nxb3 10.Qxb3 Qf6 11.f3 Nc5 12.Ng4 Nxb3 13.Nxf6+ Ke7 14.Bg5 Ke6 15.axb3 gxf6
16.Bf4 d6 17.Nd2 Be7 18.Ne4 f5 19.Ng3 Kf6 20.Rfe1 Rae8 21.Re3 Bd8 22.Rae1 Rxe3
23.Rxe3 h5 24.Ne2 Kg6 25.Nc1 a5 26.Nd3 Bf6 27.Re1 Re8 28.Bd2 Kh7 29.Nf4 Bg5
30.Re2 h4 31.Kf2 Bc6 32.g3 a4 33.bxa4 bxa4 34.Nd3 Bf6 35.Nb4 Bb5 36.Re1 Bc4
37.Nc2 Kg6 38.Ne3 hxg3+ 39.hxg3 Bb3 40.Ng2 c5 41.dxc5 dxc5 42.Nh4+ Bxh4 43.gxh4 Be6
44.Be3 a3 45.bxa3 Ra8 46.Rc1 c4 47.Kg3 Rxa3 48.Rb1 Ra8 49.Kf4 Rd8 50.Bd4 Rc8
51.Rg1+ Kh7 52.Rg7+ Kh6 53.Rg5 Kh7 54.Rg7+  1/2-1/2

[Event "4th Kiryat Ono Open A"]
[Site "Kiryat Ono ISR"]
[Date "2013.07.04"]
[Round "5.5"]
[White "Klenburg,M"]
[Black "Haimovich,T"]
[Result "1-0"]
[WhiteElo "2368"]
[BlackElo "2352"]

1.e4 e5 2.Nf3 Nc6 3.Bb5 a6 4.Ba4 Nf6 5.O-O b5 6.Bb3 Bb7 7.d3 Be7 8.Nc3 O-O
9.a3 d6 10.h3 Nb8 11.Ne2 Nbd7 12.Ng3 c5 13.Re1 Rc8 14.c4 Re8 15.Ba2 b4 16.Bb3 a5
17.Ba4 Rf8 18.Nf5 Nb6 19.Bb5 Rc7 20.Nh2 Bc8 21.axb4 axb4 22.Qf3 Kh8 23.Nf1 Ng8
24.Qg3 Bf6 25.N5e3 Bh4 26.Qf3 g6 27.g3 Bg5 28.h4 Bh6 29.Ng2 f5 30.Qe2 Bxc1
31.Rexc1 f4 32.gxf4 exf4 33.f3 g5 34.Qf2 Rg7 35.Kh1 g4 36.fxg4 Bxg4 37.Rc2 f3
38.Nge3 Bh3 39.Nh2 Bg2+ 40.Kg1 Nh6 41.e5 dxe5 42.Bc6 Qxd3 43.Rd1 Qg6 44.Bd5 Bh3+
45.Kh1 Bg2+ 46.Kg1 Nxd5 47.cxd5 Rfg8 48.d6 Bh3+ 49.Kh1 Nf5 50.Nxf5 Qxf5 51.d7 Bg2+
52.Kg1 Rxd7 53.Rxd7 Qxd7 54.Qxc5 Bh3+ 55.Kf2 Rg2+ 56.Ke1 Rxc2  1-0

[Event "IsBank TCh-TUR 2013"]
[Site "Denizli TUR"]
[Date "2013.07.07"]
[Round "10.10"]
[White "Dogan,Sevval"]
[Black "Menzi,N"]
[Result "0-1"]
[WhiteElo "1663"]
[BlackElo "1890"]

1.e4 e5 2.Nf3 Nc6 3.Bb5 a6 4.Ba4 Nf6 5.O-O b5 6.Bb3 Bb7 7.Re1 Bc5 8.c3 d6
9.d4 Bb6 10.Bg5 h6 11.Bh4 O-O 12.d5 Nb8 13.h3 Nbd7 14.Nbd2 Re8 15.Nf1 Nf8
16.Bc2 Ng6 17.Bg3 Nh5 18.Bh2 Nhf4 19.Ne3 Bc8 20.Nf5 Qf6 21.a4 Bd7 22.Qd2 Rab8
23.axb5 axb5 24.Bg3 Nh5 25.Bh2 Ngf4 26.Kf1 b4 27.c4 Bc5 28.Ba4 Bxf5 29.exf5 Qxf5
30.Bxf4 Nxf4 31.Bxe8 Rxe8 32.Nh2 h5 33.h4 e4 34.Re3 Bxe3 35.Qxe3 Nd3 36.Nf3 Nxb2
37.Nd2 Qg4 38.g3 Nd3 39.Kg2 f5 40.Kh2 f4 41.gxf4 Qxh4+ 42.Kg1 Nxf4 43.Qb3 Qg4+
44.Kf1 Qg2+ 45.Ke1 Qg1+ 46.Nf1 Nd3+  0-1

[Event "IsBank TCh-TUR 2013"]
[Site "Denizli TUR"]
[Date "2013.07.07"]
[Round "10.1"]
[White "Mamedov,Nid"]
[Black "Swiercz,D"]
[Result "1-0"]
[WhiteElo "2602"]
[BlackElo "2633"]

1.e4 e5 2.Nf3 Nc6 3.Bb5 a6 4.Ba4 Nf6 5.O-O b5 6.Bb3 Bb7 7.d3 Be7 8.Nc3 O-O
9.a3 d6 10.Bd2 Qd7 11.Ba2 Nd8 12.b4 Ne6 13.Re1 Rfe8 14.Ne2 Bf8 15.c4 c5 16.Nc3 bxc4
17.Bxc4 h6 18.Qb3 Rac8 19.Rab1 cxb4 20.axb4 Rb8 21.Ra1 Nc7 22.Ra5 Ba8 23.h3 Bb7
24.Nh4 Ne6 25.Nf5 h5 26.Qa2 g6 27.Ne3 Nf4 28.Ned5 N6xd5 29.Nxd5 Bxd5 30.Bxd5 Nxd5
31.Rxd5 Rb6 32.Ra5 Ra8 33.Ra1 Qb7 34.Qd5 Qxd5 35.exd5 Rab8 36.Rxa6 Rb5 37.R1a5 Be7
38.Kf1 f5 39.Ke2 Kf7 40.Kd1 Ke8 41.Kc2 Kd7 42.Kb3 R5b7 43.Ra7 Bd8 44.R5a6 Bc7
45.Ka4 Kc8 46.f3 f4 47.Ra8 g5 48.Bc3 Rxa8 49.Rxa8+ Bb8 50.b5 Rg7 51.Bb4 Rg6
52.Ra6 g4 53.Rc6+ Kb7 54.hxg4 hxg4 55.Ka5 Bc7+ 56.b6 Bb8 57.fxg4 Rxg4 58.Bxd6 Rxg2
59.Bxb8 Kxb8 60.d6 f3 61.d7 Rg8 62.Re6 Kb7 63.Re8 f2 64.d8=Q  1-0

[Event "3rd SPAChess Open"]
[Site "Amsterdam NED"]
[Date "2013.07.10"]
[Round "5.29"]
[White "Polak,I"]
[Black "Breuker,D"]
[Result "1-0"]
[WhiteElo "2163"]
[BlackElo "2073"]

1.e4 e5 2.Nf3 Nc6 3.Bb5 a6 4.Ba4 Nf6 5.O-O b5 6.Bb3 Bb7 7.c3 Nxe4 8.Re1 Nc5
9.Nxe5 Nxe5 10.Rxe5+ Ne6 11.d4 Bd6 12.Re3 O-O 13.d5 Nf4 14.Re4 Ng6 15.Nd2 f5
16.Re1 Nf4 17.Nf3 Qf6 18.Bxf4 Bxf4 19.d6+ Kh8 20.dxc7 Be4 21.Bd5 Rae8 22.Bxe4 fxe4
23.c8=Q Rxc8 24.Rxe4 d6 25.Qe2 Qf7 26.a4 Rc5 27.h3 Qg6 28.axb5 Rxb5 29.Rxf4 Rxf4
30.Qxb5 Qb1+ 31.Rxb1  1-0

[Event "EY Girls Teams 2013"]
[Site "Maribor SLO"]
[Date "2013.07.12"]
[Round "7"]
[White "Foster,Chantelle L"]
[Black "Vidic,Teja"]
[Result "1-0"]
[WhiteElo "1866"]
[BlackElo "1892"]

1.e4 e5 2.Nf3 Nc6 3.Bb5 a6 4.Ba4 Nf6 5.O-O b5 6.Bb3 Bb7 7.Re1 Bc5 8.c3 d6
9.d4 Bb6 10.Bg5 h6 11.Bh4 g5 12.Bg3 Qe7 13.a4 Rg8 14.axb5 axb5 15.Rxa8+ Bxa8
16.Na3 h5 17.h4 gxh4 18.Bxh4 Na7 19.Qd3 Bc6 20.dxe5 Qd7 21.Bxf6 Qh3 22.Bxf7+ Kxf7
23.Ng5+ Rxg5 24.Qxh3  1-0

[Event "MTS GM 2013"]
[Site "Izmir TUR"]
[Date "2013.07.13"]
[Round "1.5"]
[White "Atakisi,U"]
[Black "Furhoff,J"]
[Result "0-1"]
[WhiteElo "2355"]
[BlackElo "2328"]

1.e4 e5 2.Nf3 Nc6 3.Bb5 a6 4.Ba4 Nf6 5.O-O b5 6.Bb3 Bb7 7.d3 Bc5 8.a4 O-O
9.Bg5 h6 10.Bh4 d6 11.c3 g5 12.Bg3 Qe7 13.Na3 Bxa3 14.bxa3 Na5 15.Bc2 c5
16.Re1 Bc8 17.axb5 axb5 18.Rb1 Rb8 19.a4 b4 20.cxb4 cxb4 21.d4 Bg4 22.d5 Rfc8
23.Bd3 Rc3 24.Bb5 b3 25.Qd2 Rbc8 26.Bc6 Nxc6 27.Qxc3 Nd4 28.Qe3 Bxf3 29.gxf3 Nc2
30.Qxb3 Nxe1 31.Rxe1 Nd7 32.Ra1 h5 33.h3 h4 34.Bh2 Nc5 35.Qb6 Qc7 36.Qxc7 Rxc7
37.Kg2 Ra7 38.a5 Nb3 39.Ra3 Nxa5 40.f4 gxf4 41.Kf3 f5 42.exf5 Kf7 43.Ke4 Kf6
44.Bg1 Nc6 45.Rxa7 Nxa7 46.f3 Nb5 47.Kd3 Kxf5 48.Bf2 Nc7 49.Kc4 e4 50.fxe4+ Kxe4
51.Bxh4 Nxd5 52.Be1 f3 53.h4 Nf6 54.Kb3 Kd3 55.h5 Ng4 56.Kb4 d5 57.Bf2 d4
58.Bg3 Ke3 59.Bh4 d3 60.Kc3 Ke2  0-1

[Event "MTS GM 2013"]
[Site "Izmir TUR"]
[Date "2013.07.13"]
[Round "2.1"]
[White "Kanmazalp,O"]
[Black "Furhoff,J"]
[Result "0-1"]
[WhiteElo "2384"]
[BlackElo "2328"]

1.e4 e5 2.Nf3 Nc6 3.Bb5 a6 4.Ba4 Nf6 5.O-O b5 6.Bb3 Bb7 7.c3 Nxe4 8.d4 Na5
9.Bc2 exd4 10.b4 Nc4 11.Bxe4 Bxe4 12.Re1 d5 13.Nxd4 c5 14.bxc5 Bxc5 15.f3 O-O
16.fxe4 dxe4 17.Rxe4 Qd5 18.Qf3 Ne5 19.Qf5 Rae8 20.Nd2 g6 21.Qf4 b4 22.Bb2 Nc6
23.Kh1 bxc3 24.Bxc3 Nxd4 25.Rxd4 Bxd4 26.Bxd4 f6 27.h3 Re2 28.Nf3 Rxa2 29.Rxa2 Qxa2
30.Qd6 Qb1+ 31.Ng1 Qf1 32.Kh2 Qf5 33.Nf3 a5 34.Qc6 g5 35.g4 Rc8 36.Qd6 Qf4+
37.Qxf4 gxf4 38.Bxf6 Rc2+ 39.Kg1 a4 40.Be5 a3 41.Bxf4 Rc3  0-1

[Event "Minsk Open 2013"]
[Site "Minsk BLR"]
[Date "2013.07.18"]
[Round "6.18"]
[White "Nevioselaya,M"]
[Black "Kolesnik,E"]
[Result "0-1"]
[WhiteElo "2072"]
[BlackElo "2314"]

1.e4 e5 2.Nf3 Nc6 3.Bb5 a6 4.Ba4 b5 5.Bb3 Bb7 6.O-O Nf6 7.d3 Be7 8.Nbd2 O-O
9.Re1 d6 10.a3 Qd7 11.Nf1 Nd8 12.Ng3 g6 13.c3 c5 14.d4 c4 15.Bc2 Qc7 16.h3 Ne6
17.Bh6 Rfe8 18.Qd2 Kh8 19.Ng5 Nxg5 20.Bxg5 Ng8 21.Be3 Bh4 22.Kh2 Nf6 23.Bg5 Bxg5
24.Qxg5 Qe7 25.f4 Ng8 26.Qg4 Nh6 27.Qf3 f5 28.d5 Qh4 29.Ne2 exf4 30.Qxf4 Qxf4+
31.Nxf4 Re5 32.a4 fxe4 33.Rxe4 Rae8 34.Rxe5 Rxe5 35.axb5 axb5 36.Ra5 Bxd5
37.Rxb5 Bf7 38.Rxe5 dxe5 39.Ne2 Nf5 40.Ng3 Ne3 41.Be4 Nd1 42.Nf1 Kg7 43.g4 Kf6
44.h4 h6 45.Kg3 Be6 46.Nd2 Nxb2 47.Nf3 g5 48.hxg5+ hxg5 49.Nd2 Na4 50.Bg2 Nxc3
51.Bf1 e4 52.Nxc4 Bxc4 53.Bxc4 Ke5 54.Ba6 Nd5 55.Bb7 Nb4 56.Kf2 Kf4 57.Ke2 Nd3
58.Bc8 Ne5 59.Be6 Nxg4 60.Bd7 Ne5 61.Bh3 g4 62.Bf1 Nf3 63.Kf2 g3+ 64.Kg2 Nh4+
65.Kg1 Ke3 66.Bb5 Kd2  0-1

[Event "Czech Open G1 Rapid 2013"]
[Site "Pardubice CZE"]
[Date "2013.07.18"]
[Round "9.35"]
[White "Postupa,P2"]
[Black "Kislik,E"]
[Result "0-1"]
[WhiteElo "2229"]
[BlackElo "2345"]

1.e4 e5 2.Nf3 Nc6 3.Bb5 a6 4.Ba4 Nf6 5.O-O b5 6.Bb3 Bb7 7.d3 Be7 8.a4 O-O
9.Nc3 b4 10.Nd5 Nxd5 11.Bxd5 d6 12.a5 Rb8 13.Bd2 Na7 14.Bb3 c5 15.c3 bxc3
16.Bxc3 Nc6 17.Bc4 Bc8 18.Nd2 Nd4 19.f4 exf4 20.Rxf4 Bg5 21.Rf1 Nb5 22.Nf3 Bg4
23.Qe1 Nxc3 24.bxc3 Bf6 25.Qd2 h6 26.h3 Be6 27.Bxe6 fxe6 28.d4 d5 29.exd5 Qxd5
30.Qe2 cxd4 31.Rad1 e5 32.Qxa6 Ra8 33.Qe2 Rxa5 34.Rd2 Rfa8 35.Rfd1 Ra2 36.c4 Rxd2
37.Nxd2 d3 38.Qe3 Qd8 39.Ne4 Ra3 40.Nf2 Qc7 41.c5 Bg5 42.Qf3 Qxc5 43.Kh1 d2
44.Qf5 Re3 45.Rf1 Re1 46.Ne4 Rxf1+ 47.Qxf1 Qd4 48.Nf2 Qxf2 49.Qxf2 d1=Q+
50.Kh2 Bf4+ 51.g3 Qd2 52.Kg2 Qxf2+ 53.Kxf2 Bc1 54.Kf3 Kf7 55.Ke4 Ke6 56.g4 Bb2
57.h4 Bc1 58.Kf3 Kd5  0-1

[Event "Karpacz Open 2013"]
[Site "Karpacz POL"]
[Date "2013.07.22"]
[Round "1.14"]
[White "Winkler,Michal"]
[Black "Sikora,R"]
[Result "0-1"]
[WhiteElo "1289"]
[BlackElo "1862"]

1.e4 e5 2.Nf3 Nc6 3.Bb5 a6 4.Ba4 Nf6 5.O-O b5 6.Bb3 Bb7 7.c3 h6 8.Re1 g6
9.d4 d6 10.d5 Ne7 11.c4 bxc4 12.Bxc4 Bg7 13.Nc3 O-O 14.Bd2 Nd7 15.Qc1 Kh7
16.b4 Nb6 17.Bb3 Qd7 18.a4 f5 19.a5 fxe4 20.Nxe4 Nbxd5 21.Ba4 Bc6 22.Bxc6 Qxc6
23.Qxc6 Nxc6 24.Rac1 Nd8 25.Red1 Ne6 26.Rb1 Ne7 27.b5 axb5 28.Rxb5 Rfb8 29.Rxb8 Rxb8
30.a6 Ra8 31.Ra1 d5 32.Nc3 c6 33.a7 Nc7 34.Ra5 Nc8 35.Na4 Rxa7 36.Rxa7 Nxa7
37.Nc5 e4 38.Ne1 Bd4 39.Nb3 Ne6 40.Nc2 Bb6 41.g3 c5 42.Ba5 Bxa5 43.Nxa5 Nb5
44.Kg2 Kg7 45.f3 exf3+ 46.Kxf3 Nbd4+ 47.Nxd4 Nxd4+ 48.Kf4 Kf6 49.Nb7 Ne6+
50.Kf3 Ke5 51.h4 c4 52.g4 c3 53.Na5 c2 54.Nb3 Nd4+ 55.Nxd4 Kxd4 56.h5 gxh5
57.gxh5 c1=Q 58.Kg4 Ke4 59.Kh3 Kf3 60.Kh2 Qe1 61.Kh3 Qg3+  0-1

[Event "15th TCh-Eur Senior"]
[Site "Dresden GER"]
[Date "2013.07.23"]
[Round "4"]
[White "Kupreichik,V"]
[Black "Hohler,P"]
[Result "1-0"]
[WhiteElo "2446"]
[BlackElo "2180"]

1.e4 e5 2.Nf3 Nc6 3.Bb5 a6 4.Ba4 Nf6 5.O-O b5 6.Bb3 Bb7 7.d3 Be7 8.a4 d6
9.Nc3 b4 10.Ne2 Na5 11.Ba2 O-O 12.Ng3 Re8 13.c3 bxc3 14.b4 Nc6 15.Qb3 Rf8
16.Qxc3 d5 17.Ba3 dxe4 18.dxe4 Nd4 19.Rfe1 Nxf3+ 20.Qxf3 Bc8 21.Bc4 Bd6 22.b5 Bxa3
23.Qxa3 Re8 24.Red1 Qe7 25.Qc3 g6 26.h3 Bb7 27.bxa6 Bxa6 28.Bd5 Rab8 29.Bc6 Red8
30.Nf1 Rxd1 31.Rxd1 Qe6 32.Ne3 Kg7 33.Nd5 Nxe4 34.Qc2 Nf6 35.Nxc7 Qc4 36.Rc1 Qxc2
37.Rxc2 Bd3 38.Rc3 e4 39.Nb5 Nh5 40.f3 Nf4 41.Kf2 f5 42.h4 Kf6 43.g3 Ne6
44.Ke3 Ke5 45.Bd7 Rb7 46.f4+ Kf6 47.Bc8 Rb6 48.Bxe6 Kxe6 49.Nd4+ Kd6 50.h5 Ra6
51.Rc8 Rxa4 52.Rd8+ Ke7 53.Rh8 gxh5 54.Rxh7+ Kf6 55.Rh6+ Kf7 56.Rxh5 Ra3
57.Rxf5+ Kg6 58.Rc5 Bb1+ 59.Kf2 Ra2+ 60.Kg1 Rd2 61.Nf5 Rd3 62.Kf1 Rf3+ 63.Kg2 Ra3
64.g4 Bd3 65.Rc6+ Kf7 66.g5 Ra2+ 67.Kg3 Ra1 68.g6+ Ke8 69.g7 Rg1+ 70.Kh2 Rg4
71.Rc8+  1-0

[Event "15th TCh-Eur Senior"]
[Site "Dresden GER"]
[Date "2013.07.26"]
[Round "7"]
[White "Koller,Hu"]
[Black "Hohler,P"]
[Result "1/2-1/2"]
[WhiteElo "2113"]
[BlackElo "2180"]

1.e4 e5 2.Nf3 Nc6 3.Bb5 a6 4.Ba4 Nf6 5.O-O b5 6.Bb3 Bb7 7.d3 Be7 8.Nc3 d6
9.Nd5 Nxd5 10.Bxd5 O-O 11.c3 Na5 12.Bxb7 Nxb7 13.d4 Bf6 14.d5 Qd7 15.Be3 c6
16.dxc6 Qxc6 17.Qd5 Qxd5 18.exd5 Be7 19.a4 f5 20.Bb6 Bd8 21.Bxd8 Rfxd8 22.axb5 axb5
23.b4 Kf7 24.Ng5+ Kf6 25.Ne6 Rdc8 26.Rxa8 Rxa8 27.Nc7 Ra2 28.Rd1 e4 29.Nxb5 Rc2
30.Kf1 Ke5 31.g3 g5 32.Nd4 Ra2 33.Nc6+ Kf6 34.Rc1 e3 35.fxe3 Rxh2 36.Rd1 Rc2
37.Rd3 h5 38.Nd4 Rc1+ 39.Kf2 Nd8 40.Nc6 Nf7 41.Ke2 Ne5 42.Nxe5 Kxe5 43.b5 Rc2+
44.Kd1 Rb2 45.c4 Ke4 46.Rd2 Rb4 47.Ke2 Rxc4 48.b6 Rc8 49.Rd4+ Ke5 50.Kd3 Rb8
51.Rb4 Kxd5 52.Rb5+ Kc6 53.Rxf5  1/2-1/2

[Event "Politiken Cup 2013"]
[Site "Helsingor DEN"]
[Date "2013.07.28"]
[Round "2.9"]
[White "Grandelius,N"]
[Black "Mihajlov,Seb"]
[Result "1/2-1/2"]
[WhiteElo "2573"]
[BlackElo "2138"]

1.e4 e5 2.Nf3 Nc6 3.Bb5 a6 4.Ba4 Nf6 5.O-O b5 6.Bb3 Bb7 7.d3 Be7 8.a4 d6
9.Re1 O-O 10.Nbd2 Na5 11.Ba2 c5 12.Nf1 b4 13.c3 bxc3 14.bxc3 d5 15.Ng3 dxe4
16.dxe4 Qxd1 17.Rxd1 Nxe4 18.Nxe4 Bxe4 19.Nxe5 Bc2 20.Rd7 Rad8 21.Be3 Rxd7
22.Nxd7 Rd8 23.Nxc5 Bf6 24.Bd4 Bxd4 25.cxd4 Rxd4 26.Kf1 Kf8 27.Ke2 Ke7 28.Ke3 Rb4
29.Kd2 Bg6 30.Kc3 Rf4 31.f3 Kd6 32.Nxa6 Rxa4 33.Rd1+ Ke7 34.Nb4 h5 35.Rd4 Ke8
36.Rd5 Ra3+ 37.Kb2 Ra4 38.Rb5 Kd7 39.Bd5 Kd6 40.h4 f6 41.Kc3 Kc7 42.Rc5+ Kd6
43.Rb5 Kc7 44.Rc5+ Kd6 45.Rc8 Ra3+ 46.Kd4 Ra4 47.Rb8 Kc7 48.Rg8 Kd6 49.Rd8+ Kc7
50.Rg8 Kd6 51.Rb8 Kc7 52.Rg8  1/2-1/2

[Event "100th ch-GBR 2013"]
[Site "Torquay ENG"]
[Date "2013.07.29"]
[Round "1.18"]
[White "Warman,S"]
[Black "Lane,G"]
[Result "0-1"]
[WhiteElo "2093"]
[BlackElo "2401"]

1.e4 e5 2.Nf3 Nc6 3.Bb5 a6 4.Ba4 Nf6 5.O-O b5 6.Bb3 Bb7 7.Nc3 Be7 8.Nd5 d6
9.Nxf6+ Bxf6 10.Bd5 Rb8 11.c3 O-O 12.d4 Re8 13.Re1 exd4 14.cxd4 Nxd4 15.Bxf7+ Kxf7
16.Nxd4 Kg8 17.Bf4 Qd7 18.f3 Qf7 19.Bg3 g6 20.Re2 Rbd8 21.Nb3 Qg7 22.Na5 Ba8
23.Qb3+ Kh8 24.Rd1 d5 25.Rc2 Bd4+ 26.Kf1 dxe4 27.Rxc7 Qf6 28.Rf7 Qb6 29.Bc7 exf3
30.gxf3 Bd5 31.Qxd5 Qxc7 32.Rxc7 Rxd5 33.Nc6 Bb6 34.Rxh7+ Kxh7 35.Rxd5 Rc8
36.Rd6 g5 37.Ke2 Re8+ 38.Kd2 Be3+ 39.Kd3 Bf4 40.Rd7+ Kg6 41.Ra7 Re3+ 42.Kd4 Rxf3
43.Rxa6 Kh5 44.Ra5 Bxh2 45.Rxb5 Kh4 46.Ne7 g4 47.Ng6+ Kh3 48.Rh5+ Kg3 49.a4 Rf6
50.Rg5 Kh3 51.a5 Bc7 52.Rh5+ Kg3 53.Ne7 Rf4+ 54.Kc3 Kf2 55.a6 g3 56.Nd5 Rf3+
57.Kc4 g2 58.a7 g1=Q 59.Rh8 Qf1+ 60.Kd4 Qd3+  0-1

[Event "Karpacz Open 2013"]
[Site "Karpacz POL"]
[Date "2013.07.30"]
[Round "9.4"]
[White "Lewtak,Do"]
[Black "Sikora,R"]
[Result "1/2-1/2"]
[WhiteElo "1863"]
[BlackElo "1862"]

1.e4 e5 2.Nf3 Nc6 3.Bb5 a6 4.Ba4 Nf6 5.O-O b5 6.Bb3 Bb7 7.Re1 Bc5 8.c3 d6
9.d4 Bb6 10.Qd3 O-O 11.Nbd2 Re8 12.a4 exd4 13.cxd4 Nb4 14.Bxf7+ Kxf7 15.Qb3+ Nbd5
16.exd5 Rxe1+ 17.Nxe1 Bxd4 18.axb5 axb5 19.Rxa8 Qxa8 20.Qxb5 Bxd5 21.Ndf3 Bb6
22.Bg5 Bxf3 23.gxf3 Qa1 24.Qe2 Ba5 25.b4 Bxb4 26.Qc4+ Kg6 27.Qxb4 Kxg5 28.Kg2 c5
29.Qd2+ Kg6 30.Nc2 Qe5 31.Ne3 Qd4 32.Qc2+ Kf7 33.Qb3+ d5 34.Qb7+ Kg6 35.Qc7 h6
36.Qg3+ Kh7 37.Nf5 Nh5 38.Nxd4 Nxg3 39.fxg3 cxd4 40.Kf2 Kg6 41.Ke2 Kf6 42.Kd3 Ke5
43.f4+  1/2-1/2

[Event "FSGM August 2013"]
[Site "Budapest HUN"]
[Date "2013.08.03"]
[Round "1.2"]
[White "Bagi,M"]
[Black "Stefansson,H"]
[Result "0-1"]
[WhiteElo "2367"]
[BlackElo "2526"]

1.e4 e5 2.Nf3 Nc6 3.Bb5 a6 4.Ba4 Nf6 5.O-O b5 6.Bb3 Bb7 7.d3 Be7 8.Nc3 O-O
9.Re1 d6 10.a3 h6 11.Nd5 Re8 12.h3 Bf8 13.c3 Nb8 14.Nxf6+ Qxf6 15.Nh2 Nd7
16.Ng4 Qg6 17.Rf1 Nc5 18.Bc2 Ne6 19.f4 exf4 20.Bxf4 c5 21.Qd2 h5 22.Ne3 c4
23.dxc4 Bxe4 24.cxb5 Bxc2 25.Nxc2 axb5 26.Nb4 Nc5 27.Rae1 Re6 28.Rxe6 fxe6
29.Qe2 Rb8 30.Rd1 e5 31.Be3 Ne6 32.Nd5 Rb7 33.b4 Nc7 34.Qf3 Nxd5 35.Qxd5+ Qf7
36.Qd3 Qe6 37.Ra1 Rc7  0-1

[Event "5th Rethymno Open"]
[Site "Rethymno GRE"]
[Date "2013.08.03"]
[Round "8.28"]
[White "Kokolias,K"]
[Black "Dalli,Eleni"]
[Result "1-0"]
[WhiteElo "2135"]
[BlackElo "1472"]

1.e4 e5 2.Nf3 Nc6 3.Bb5 a6 4.Ba4 Nf6 5.O-O b5 6.Bb3 Bb7 7.c3 Nxe4 8.d4 exd4
9.Re1 d5 10.Ng5 Be7 11.Nxf7 Kxf7 12.Qh5+ Kf8 13.Rxe4 Na5 14.Rf4+ Bf6 15.Bc2 Qe7
16.Nd2 Qe1+ 17.Nf1 Qxc3 18.Rxf6+ Ke7 19.Rf7+ Ke8 20.Rxg7+  1-0

[Event "Politiken Cup 2013"]
[Site "Helsingor DEN"]
[Date "2013.08.04"]
[Round "10.34"]
[White "Friedrich,N"]
[Black "Mihajlov,Seb"]
[Result "1/2-1/2"]
[WhiteElo "2305"]
[BlackElo "2138"]

1.e4 e5 2.Nf3 Nc6 3.Bb5 a6 4.Ba4 Nf6 5.O-O b5 6.Bb3 Bb7 7.d3 Be7 8.Nc3 d6
9.a3 O-O 10.Re1 Na5 11.Ba2 c5 12.Bg5 h6 13.Bxf6 Bxf6 14.Nd5 Nc6 15.c3 g6
16.b4 Bg7 17.Nd2 Ne7 18.Nxe7+ Qxe7 19.Nf1 Rac8 20.Ne3 Kh7 21.Bd5 f5 22.f3 Bxd5
23.Nxd5 Qf7 24.Qe2 c4 25.a4 cxd3 26.Qxd3 fxe4 27.Rxe4 Rb8 28.h3 h5 29.Kh1 Rfc8
30.axb5 axb5 31.Ra5 Qd7 32.Kh2 Rb7 33.Ra6 Rc6 34.Ra5 Rc8 35.Ra6 Rc6 36.Ra8 Rc8
37.Rxc8 Qxc8 38.c4 bxc4 39.Rxc4 Qf5 40.Qxf5 gxf5 41.Rc6 e4 42.f4 Bf8 43.Rc7+ Rxc7
44.Nxc7 Bg7 45.Kg1 Kg6 46.Kf2 Bd4+ 47.Ke2 Ba7 48.b5 Kf7 49.h4 Bc5 50.g3 Bd4
51.Nd5 Ke6 52.Nc7+ Kd7 53.Nd5 Ke6  1/2-1/2

[Event "100th ch-GBR 2013"]
[Site "Torquay ENG"]
[Date "2013.08.06"]
[Round "8.23"]
[White "Hegarty,S"]
[Black "Lane,G"]
[Result "1-0"]
[WhiteElo "2124"]
[BlackElo "2401"]

1.e4 e5 2.Nf3 Nc6 3.Bb5 a6 4.Ba4 Nf6 5.O-O b5 6.Bb3 Bb7 7.d3 Be7 8.Nc3 O-O
9.Re1 d6 10.a4 Na5 11.Ba2 b4 12.Ne2 c5 13.Ng3 Bc8 14.c3 Rb8 15.Bd2 Nc6 16.Qe2 bxc3
17.bxc3 Rb2 18.Qd1 Be6 19.Bxe6 fxe6 20.Bc1 Rb8 21.Bd2 Qc7 22.Qc2 c4 23.d4 Nd7
24.d5 Na5 25.dxe6 Nc5 26.Nf5 Nxe6 27.Rad1 Nc5 28.Bg5 Bxg5 29.Nxg5 h6 30.Nf3 Nd3
31.Rxd3 cxd3 32.Qxd3 Nc4 33.N3h4 Kh7 34.Qh3 Qf7 35.g4 Qf6 36.Kh1 Rb2 37.Rg1 g5
38.Qd3 Rc8 39.Nf3 Rxf2 40.Rg3 Nb2 41.Qxa6 Qd8 42.Qa7+ Qc7 43.Qxf2 Nd3 44.Nxg5+  1-0

[Event "3rd Riga Tech Uni Op"]
[Site "Riga LAT"]
[Date "2013.08.07"]
[Round "4.7"]
[White "Vovk,A"]
[Black "Boruchovsky,A"]
[Result "1/2-1/2"]
[WhiteElo "2581"]
[BlackElo "2441"]

1.e4 e5 2.Nf3 Nc6 3.Bb5 a6 4.Ba4 Nf6 5.O-O b5 6.Bb3 Bb7 7.d3 Be7 8.Nc3 O-O
9.a3 Nd4 10.Nxe5 Nxb3 11.cxb3 d5 12.Qc2 c5 13.Nf3 b4 14.axb4 cxb4 15.e5 Ng4
16.h3 bxc3 17.hxg4 d4 18.bxc3 Rc8 19.c4 f5 20.exf6 Rxf6 21.Qe2 Qd7 22.Ne5 Qc7
23.Bb2 Rd8 24.Ba3 Bxa3 25.Rxa3 Re8 26.f4 g5 27.Qd1 Rxf4 28.Rxf4 gxf4 29.Nf3 Re3
30.Ra1 Qe7 31.Qf1 Re2 32.Kh2 Qe3 33.Kh3 Rf2 34.Qh1 Bxf3 35.gxf3 Rxf3+ 36.Kh4 h6
37.g5 hxg5+ 38.Kg4 Rg3+ 39.Kf5 Qe7 40.Qd5+ Qf7+ 41.Qxf7+ Kxf7 42.Rxa6 Rxd3
43.Kxg5 f3 44.Rf6+ Ke7 45.Rf4 Kd6 46.Kg4 Kc5 47.Rxf3 Rc3 48.Rf5+ Kb4 49.Rd5 d3
50.Kf4 Kxb3 51.c5 Kc2 52.Ke3 Ra3 53.c6 Rc3 54.Rd6 d2+ 55.Ke4  1/2-1/2

[Event "III Joao Pessoa IM 2013"]
[Site "Joao Pessoa BRA"]
[Date "2013.08.10"]
[Round "3.2"]
[White "Oliveira,Renato de Araujo"]
[Black "Rodi,L"]
[Result "0-1"]
[WhiteElo "2127"]
[BlackElo "2377"]

1.e4 e5 2.Nf3 Nc6 3.Bb5 a6 4.Ba4 Nf6 5.O-O b5 6.Bb3 Bb7 7.Ng5 d5 8.exd5 Nxd5
9.Re1 Nd4 10.Rxe5+ Be7 11.Nxf7 Kxf7 12.Qh5+ g6 13.Rxd5 Bxd5 14.Qxd5+ Qxd5
15.Bxd5+ Kg7 16.Bxa8 Nxc2 17.Be4 Nxa1 18.Nc3 Bf6 19.Nd5 Re8 20.Nxf6 Kxf6
21.f3 Nc2 22.b3 Nd4 23.Bb2 Rd8 24.Kf2 Ke6 25.Bc3 c5 26.Ba5 Rc8 27.Bb7 Rb8
28.Be4 Kd6 29.Bc3 b4 30.Bb2 a5 31.Ke3 Nc6 32.Kd3 a4 33.Bg7 axb3 34.axb3 Rd8
35.Bh6 Kc7+ 36.Kc2 Nd4+ 37.Kb2 Kd6 38.Be3 Ke5 39.Bh6 Rd7 40.Bg5 Nf5 41.d3 Nd4
42.Be3 Ra7 43.f4+ Ke6 44.g4 Ra3 45.f5+ gxf5 46.gxf5+ Ke5 47.Bxd4+ cxd4 48.f6 Ra7
49.Kc1 Kxf6 50.Kd1 h6 51.Ke1 Ke5 52.Bg6 Kf4 53.Kf1 Ke3 54.Kg2 Rg7  0-1

[Event "HZ Open 2013"]
[Site "Vlissingen NED"]
[Date "2013.08.10"]
[Round "9.23"]
[White "Brookes,C"]
[Black "Ris,R"]
[Result "0-1"]
[WhiteElo "2112"]
[BlackElo "2424"]

1.e4 e5 2.Nf3 Nc6 3.Bb5 a6 4.Ba4 Nf6 5.O-O b5 6.Bb3 Bb7 7.Re1 Bc5 8.c3 O-O
9.a4 d5 10.axb5 axb5 11.Rxa8 Bxa8 12.exd5 Nxd5 13.Nxe5 Bxf2+ 14.Kxf2 Nxe5
15.Kg1 Nd3  0-1

[Event "28th Metropolitan GM"]
[Site "Los Angeles USA"]
[Date "2013.08.15"]
[Round "4"]
[White "Khachiyan,M"]
[Black "Amanov,Z"]
[Result "1-0"]
[WhiteElo "2508"]
[BlackElo "2361"]

1.e4 e5 2.Nf3 Nc6 3.Bb5 a6 4.Ba4 Nf6 5.O-O b5 6.Bb3 Bb7 7.d3 Be7 8.Re1 O-O
9.Nbd2 d6 10.c3 Na5 11.Bc2 c5 12.Nf1 Re8 13.Ng3 Bf8 14.h3 h6 15.d4 cxd4 16.cxd4 d5
17.Nxe5 Nxe4 18.Bf4 Rc8 19.Bd3 Qb6 20.Qg4 Nxf2 21.Kxf2 Qxd4+ 22.Kf1 Rxe5
23.Red1 Kh8 24.Bxb5 Qb6 25.Bxe5 Qxb5+ 26.Qe2 Nc4 27.Bd4 Re8 28.Qd3 Re3 29.Bxe3 Nxe3+
30.Kg1 Qb6 31.Qb3 Qa7 32.Kh1 d4 33.Rd2 Bd5 34.Qd3 Qd7 35.Kg1 Bc5 36.Rc1 Ba7
37.Qxa6 Qe7 38.Nf5 Qg5 39.Qxa7 Nxg2 40.Qb8+ Kh7 41.Qg3  1-0

[Event "29th Metropolitan IM"]
[Site "Los Angeles USA"]
[Date "2013.08.16"]
[Round "4"]
[White "Atoufi,P"]
[Black "Korba,Nicky"]
[Result "1-0"]
[WhiteElo "2269"]
[BlackElo "2020"]

1.e4 e5 2.Nf3 Nc6 3.Bb5 a6 4.Ba4 Nf6 5.O-O b5 6.Bb3 Bb7 7.Qe2 Be7 8.c3 O-O
9.d4 d6 10.Rd1 exd4 11.cxd4 d5 12.e5 Ne4 13.Nbd2 Na5 14.Bc2 Nxd2 15.Bxd2 Nc4
16.Bc1 f6 17.b3 Nb6 18.Bd2 fxe5 19.Nxe5 Nd7 20.Qd3 Nf6 21.Bg5 Ne4 22.Be3 Qd6
23.f3 Nf6 24.Bg5 g6 25.Nxg6 Rf7 26.Ne5 Rg7 27.Bh6 c5 28.Bxg7 Kxg7 29.Re1 cxd4
30.Re2 Rc8 31.Rae1 Bd8 32.Ng4 Rc3 33.Nxf6  1-0

[Event "49th Rubinstein Memorial"]
[Site "Polanica Zdroj POL"]
[Date "2013.08.21"]
[Round "5.4"]
[White "Czarnota,P"]
[Black "Sulypa,A"]
[Result "1/2-1/2"]
[WhiteElo "2534"]
[BlackElo "2483"]

1.e4 e5 2.Nf3 Nc6 3.Bb5 a6 4.Ba4 Nf6 5.O-O b5 6.Bb3 Bb7 7.d3 Be7 8.Nbd2 O-O
9.Re1 Re8 10.Ng5 Rf8 11.Ngf3 Re8 12.Ng5 Rf8 13.Ngf3 Re8  1/2-1/2

[Event "e2e4 Coventry Open"]
[Site "Coventry ENG"]
[Date "2013.08.24"]
[Round "2"]
[White "Wallace,P"]
[Black "Savage,Nicholas W"]
[Result "1/2-1/2"]
[WhiteElo "2182"]
[BlackElo "1980"]

1.e4 e5 2.Nf3 Nc6 3.Bb5 a6 4.Ba4 Nf6 5.O-O b5 6.Bb3 Bb7 7.c3 Nxe4 8.Re1 Nc5
9.Nxe5 Nxe5 10.Rxe5+ Ne6 11.d4 Bd6 12.Rh5 Qf6 13.d5 Nf4 14.Bxf4 Qxf4 15.Qe2+ Kf8
16.Nd2 Re8 17.Qd3 g6 18.Rh3 Kg7 19.Nf3 Qe4 20.Qxe4 Rxe4 21.Kf1 Rhe8 22.Ng5 R4e5
23.Nf3 Re2 24.Ng5 R2e5 25.Nf3 Re2  1/2-1/2

[Event "TCh-SRB 1st League w 2013"]
[Site "Kragujevac SRB"]
[Date "2013.08.25"]
[Round "2.3"]
[White "Videnova,I"]
[Black "Ozturk,Ku"]
[Result "0-1"]
[WhiteElo "2305"]
[BlackElo "2254"]

1.e4 e5 2.Nf3 Nc6 3.Bb5 a6 4.Ba4 Nf6 5.O-O b5 6.Bb3 Bb7 7.c3 Nxe4 8.d4 exd4
9.Re1 d5 10.Ng5 Qf6 11.Nd2 O-O-O 12.Ndxe4 dxe4 13.Nxf7 e3 14.fxe3 Bc5 15.Nxd8 Rxd8
16.exd4 Nxd4 17.Qg4+ Qf5 18.Qxf5+ Nxf5+ 19.Kh1 Nh4 20.Be6+ Kb8 21.Bh3 Rd3
22.Bg5 Rxh3 23.Re8+ Ka7 24.Re2 Nf3 25.Bf4 Nxh2 26.Bxh2 Bd6 27.Rd1 Bxh2 28.Rc2 Bd6+
29.Kg1 Bc5+ 30.Kf1 Rh1+ 31.Ke2 Bxg2 32.b4 Rxd1 33.Kxd1 Bf3+ 34.Ke1 Bd6 35.Kf2 Bd5
36.Rd2 c6 37.a4 bxa4 38.c4 Bxb4 39.Rb2 Bc5+ 40.Ke2 Bxc4+ 41.Kd2 a3  0-1

[Event "24th Porto San Giorgio Open"]
[Site "Porto San Giorgio ITA"]
[Date "2013.08.26"]
[Round "6.10"]
[White "Migliorini,Matteo"]
[Black "Schoorl,R"]
[Result "0-1"]
[WhiteElo "2046"]
[BlackElo "2348"]

1.e4 e5 2.Nf3 Nc6 3.Bb5 a6 4.Ba4 Nf6 5.O-O b5 6.Bb3 Bb7 7.Re1 Bc5 8.c3 d6
9.d4 Bb6 10.Be3 O-O 11.h3 h6 12.Nbd2 exd4 13.cxd4 Ne7 14.Bf4 Ng6 15.Bh2 c5
16.e5 dxe5 17.dxe5 Nd5 18.Ne4 c4 19.Nd6 Bc6 20.Bc2 Ndf4 21.b3 Nxg2 22.Be4 Nxe1
23.Bxc6 Nxf3+ 24.Qxf3 Qg5+ 25.Kh1 Nxe5  0-1